000 01781cam a22005174i 4500
003 PE-LiUPU
005 20250731173027.0
008 170628s2012 maua rb 000 0 eng d
020 _a9004229469
020 _a9789004229464
035 _a(Sirsi) a237830
040 _aPE-LiUPU
_beng
_cPE-LiUPU
_erda
049 _aPRUA
082 0 4 _a202.2
_bS5
_223
245 0 0 _aSins and sinners :
_bperspectives from Asian religions /
_cedited by Phyllis Granoff and Koichi Shinohara.
264 1 _aBoston :
_bBrill,
_c2012.
300 _avi, 387 páginas :
_bilustraciones ;
_c25 centímetros.
336 _atext
_2rdacontent
337 _aunmediated
_2rdamedia
338 _avolume
_2rdacarrier
490 0 _aNumen book series ;
_v139
504 _aBibliografía : Al final de cada capítulo.
504 _aIndex : páginas 381-387.
505 0 _aSinning in Asian religious traditions -- Dealing with sin.
526 _aSEG42
526 _aSEG41
526 _aSEG40
526 _aSEG39
526 _aP94
526 _aP87
526 _aP86
526 _aP85
526 _aP77
526 _aP76
526 _aP35
650 0 4 _aReligiones.
650 0 4 _aAsia - Religiones - Congreso.
700 1 _aShinohara, Koichi,
_eautor.
910 _ajck
_bncf
_cncf
_d20170628
942 _2ddc
_cBOOK
949 _a202.2 S5
_wDEWEY
_c1
_i76491
_lCCODEBUL1
_mBUL
_p60.00
_r0
_sY
_tBOOK
_u2017-06-28
_xTEOLOGIA
_PP35
_0DONACION
_o.STAFF. Colección Teología
994 _aC0
_bPEPRU
596 _a1
999 _a202.2 S5
_wDEWEY
_c24529
_i76491
_f2021-11-9
_g4
_lCCODEBUL1
_mBUL
_p60.00
_r0
_sY
_tBOOK
_u2017-6-28
_xTEOLOGIA
_PP35
_0COMPRA
_o.STAFF. Colección Teología
_d24529
980 _81
_gALBERTO SANCHEZ Responsable de Automatización